Năng lượng nhiệt

Đã lưu trong:
书目详细资料
格式: 图书
语言:Undetermined
出版: Hà Nội Hội Khoa học Kỹ thuật Nhiệt Việt Nam 2020
主题:
标签: 添加标签
没有标签, 成为第一个标记此记录!
Thư viện lưu trữ: Trung tâm Học liệu Trường Đại học Cần Thơ
LEADER 00555nam a2200181Ia 4500
001 CTU_239549
008 210402s9999 xx 000 0 und d
020 |c 20000 
082 |a 333.79 
082 |b N116 
245 0 |a Năng lượng nhiệt 
245 0 |c Hội Khoa học Kỹ thuật Nhiệt Việt Nam 
260 |a Hà Nội 
260 |b Hội Khoa học Kỹ thuật Nhiệt Việt Nam 
260 |c 2020 
650 |a Nhiệt học,Energy 
904 |i T.Trang 
980 |a Trung tâm Học liệu Trường Đại học Cần Thơ